| 000 | 00363nab a22001097u 4500 | ||
|---|---|---|---|
| 008 | 130520b2006 xxu||||| |||| 00| 0 spa d | ||
| 041 | _aspa | ||
| 100 | 1 |
_aGonzález Radio, Vicente _969793 |
|
| 245 | 0 | 0 |
_aModernidad, postmodernidad e increencia _cVicente González Radio |
| 773 | 0 |
_tCompostellanum _gV.51, nº1-2,2006,págs. 251-274 _x0573-2018 _wRev130 |
|
| 942 | _cAR | ||
| 999 |
_c379043 _d379043 |
||